Statistics for English Speaking Countries

Click here to take the quiz!

General Stats

  • This quiz has been taken 316,092 times
    (155,597 since last reset)
  • The average score is 10 of 16

Answer Stats

%Country% Correct
92United Kingdom
99%
78United States
99%
54Canada
92%
73Australia
89%
93Ireland
85%
86New Zealand
83%
Jamaica
58%
Bahamas
53%
Barbados
51%
St. Kitts and Nevis
49%
Trinidad and Tobago
47%
St. Vincent and the Grenadines
46%
Antigua and Barbuda
44%
Grenada
42%
Belize
36%
Guyana
29%

Score Distribution

Percentile by Number Answered

Percent of People with Each Score

Your Score History

You have not taken this quiz since the last reset